Atlas slovenského jazyka 3 tvorenie slov
Enregistré dans:
| Auteur principal: | |
|---|---|
| Format: | Livre |
| Langue: | slovaque |
| Publié: |
Bratislava
Veda
1981
|
| Tags: |
Pas de tags, Soyez le premier à ajouter un tag!
|
MARC
| LEADER | 00000nam a2200000 4500 | ||
|---|---|---|---|
| 001 | c127648 | ||
| 005 | 20041019155241.3 | ||
| 041 | 0 | |a slo | |
| 044 | |a SK | ||
| 245 | 1 | 0 | |a Atlas slovenského jazyka 3 |b tvorenie slov |c Ferdinand Buffa |
| 264 | 1 | |a Bratislava |b Veda |c 1981 | |
| 300 | |a 421 s. | ||
| 100 | 1 | |a Buffa, Ferdinand | |